LEADER 01409nam0 2200301 i 450 001 RAV0220526 005 20251003044327.0 010 $a8808153843 100 $a20130827d1993 ||||0itac50 ba 101 | $aita 102 $ait 181 1$6z01$ai $bxxxe 182 1$6z01$an 200 1 $aCodice civile e leggi collegate$eCostituzione, trattati C.E.(E.) e U.E.,Codice civile, leggi collegate$e1993$f[a cura di! Giorgio De Nova 205 $aEd.ridotta di Codici e leggi per l'udienza civile$fa cura di G. De Nova e C.Ferri edito dall'UTET 210 $aBologna$cZanichelli$d1993 215 $aXXXV, 1180 p.$d19 cm. 606 $aCodice civile$2FIR$3CFIC001056$9E 676 $a346.45002632$9DIRITTO PRIVATO. ITALIA. Singole leggi e raccolte di leggi$v23 676 $a348.45023$9$v21 801 3$aIT$bIT-000000$c20130827 850 $aIT-BN0095 901 $bNAP 01$cPOZZO LIB.$nVi sono collocati fondi di economia, periodici di ingegneria e scienze, periodici di economia e statistica e altri fondi comprendenti documenti di economia pervenuti in dono. 912 $aRAV0220526 950 0$aBiblioteca Centralizzata di Ateneo$c1 v.$d 01POZZO LIB.ECON MON 7656$e 0101 0600151975E VMA 1 v. (Precedene collocazione ITA 346.45002632)$fB $h20220810$i20220810 977 $a 01 996 $aCodice civile e leggi collegate$9241982 997 $aUNISANNIO